| 000 | 00731nam a2200253 a 4500 | ||
|---|---|---|---|
| 001 | BRL_529 | ||
| 005 | 20190320210803.0 | ||
| 008 | 020913s1990----mx-a######---#000-0#spa-# | ||
| 020 | _a9681608208 | ||
| 041 | _aspa | ||
| 044 | _amx | ||
| 050 | 4 |
_aF1219.3.R38 _b.P5 1990 |
|
| 100 | 1 |
_aPiña Chan, Román _9819 |
|
| 245 | 1 | 0 |
_aQuetzalcóatl _bSerpiente Emplumada _cRomán Piña Chan |
| 260 |
_aMéxico _bFondo de Cultura Económica _c1990 |
||
| 300 |
_a73 p. _bil. _c23 cm. |
||
| 500 | _aAu580 | ||
| 504 | _aBibliografía: p.71-72 | ||
| 650 | 1 | 4 |
_aQuetzalcóatl (Dios azteca) _923872 |
| 650 | 1 | 4 |
_aIndígenas de México _xReligión _95291 |
| 650 | 1 | 4 |
_aIndígenas de México _xPsicología _923873 |
| 902 | _aGRL | ||
| 942 |
_2lcc _cB |
||
| 999 |
_c9341 _d9341 |
||